| 000 | 00719cab a2200217 4500 | ||
|---|---|---|---|
| 001 | ABS42788 | ||
| 008 | 090401t1990 xxu||||| |||| 00| 0 eng d | ||
| 035 | _a(Sirsi) u38823 | ||
| 041 | _aeng | ||
| 100 | _aCastle, R. | ||
| 245 | _aStandard conditions of sale: a milestone | ||
| 260 | _c1990 | ||
| 350 | _a0 | ||
| 490 |
_aLaw Society`s Gazette _v87(16) 2 May 1990, 22-24(2) |
||
| 520 | _aAn article which briefly outlines the progress made on the establishment of a new set of conditions of sale for land , highlighting some of the more important decisions made. | ||
| 650 | _aLAND SALES | ||
| 650 | _aNATIONAL CONDITIONS OF SALE | ||
| 690 | _aPROPERTY LAW AND PRACTICE | ||
| 942 | _n0 | ||
| 948 | _c04/03/1997 | ||
| 999 |
_c24911 _d24911 |
||